| 000 | 00466pab a2200169 454500 | ||
|---|---|---|---|
| 008 | 180718b2010 xxu||||| |||| 00| 0 eng d | ||
| 100 | _aStevens, Daniel | ||
| 245 | _aOsama or the Georges: shifting threats and state policy towards civil society in Uzbekistan | ||
| 260 | _c2010 | ||
| 300 | _ap.355-74. | ||
| 362 | _aMar | ||
| 650 | _aCivil society - Uzbekistan | ||
| 650 | _aCivil society | ||
| 773 | _aDevelopment and Change | ||
| 908 | _aN | ||
| 909 | _a86481 | ||
| 999 |
_c86481 _d86481 |
||